| 000 | 00610nam a2200181 a 4500 | ||
|---|---|---|---|
| 001 | 3969 | ||
| 003 | CDMR | ||
| 005 | 20151016131802.0 | ||
| 008 | 130130s1997||||||||||||||||||||||||||||d | ||
| 020 | _a8439838956 | ||
| 040 |
_aCDMR _bcat _cCPC GIRONA |
||
| 245 | 0 | 0 | _aAnuari de la informació de Catalunya 1997-98 |
| 260 |
_c1997 _bFundació Centre Internacional de Premsa de Barcelona _aBarcelona |
||
| 650 | 0 | 4 |
_93923 _aMitjans de comunicació de massa _vDirectoris |
| 710 | 2 |
_9133 _aCol·legi de Periodistes de Catalunya |
|
| 710 | 2 |
_94002 _aFundació Centre Internacional de Premsa de Barcelona |
|
| 942 |
_cMON _2ddc |
||
| 999 |
_c3969 _d3969 |
||